De estética y mística

में बचाया:
ग्रंथसूची विवरण
मुख्य लेखक: García-Baró, Miguel (लेखक)
स्वरूप: पुस्तक
भाषा:स्पेनिश
प्रकाशित: Salamanca Ediciones Sígueme 2007
संस्करण:1a. ed
श्रृंखला:Hermeneia, 78
विषय:
टैग: टैग जोड़ें
कोई टैग नहीं, इस रिकॉर्ड को टैग करने वाले पहले व्यक्ति बनें!

MARC

LEADER 00000cam a2200000 a 4500
001 UCC9273
003 CL-VaPUC
008 190914e20070000sp |||||||||||||||||spa|d
020 |a 9788430116591 
082 0 4 |a 290  |b GAR  |2 21 
100 |a García-Baró, Miguel  |e author  |9 604252 
245 1 0 |a De estética y mística 
250 |a 1a. ed 
300 |a 301 p 
942 |c BK 
945 |d 20190914 23:07:00  |a dcastane 
260 |a Salamanca  |b Ediciones Sígueme  |c 2007 
650 0 |a Mística  |9 378376 
650 0 |a Estética   |9 264950 
650 0 |a Crítica e interpretación   |9 255042 
583 |a last modification  |c 20190914 23:07:00  |k Rodrigo Vera 
490 0 |a Hermeneia, 78 
999 |c 375466  |d 375464 
952 |0 0  |1 0  |3 erb  |4 0  |6 290_000000000000000_GAR_2007  |7 0  |8 ?  |9 494451  |a BIBEDU  |b BIBEDU  |i 560088K  |o 290 GAR 2007  |p 560088K  |r 2019-11-24  |w 2019-11-24  |y BK  |z Catalogado en:20190914  |k FIL